000 00574nam a2200217 a 4500
999 _c5616
_d5616
001 5616
003 BD-JhCC
005 20171221111204.0
008 171218s1962 u |||| ||a| 000 0 eng d
035 _a(BD-JhCC)5616
040 _aBD-JhCC
_dBD-JhCC
041 _aeng
082 _a515.9
_bLED 1962
100 _aDedermann, Walter
245 _aComplex numbers /
_cWalter Dedermann
260 _aLondon:
_bTheenglish Language Book Society And Routledge & Eegan Paul
_c1962
300 _a62 p.:
_c18 cm
650 _aComplex Numbers
942 _2ddc
_cBK